Länder, die am meisten Zuckerrohr produzieren - Statistiken

Allgemein
  • Dieses Quiz wurde 71 mal gespielt
  • Das Durchschnittsergebnis liegt bei 14 aus 20
Antwortstatistiken
Millionen Tonnen Land % Korrekt
769 Brasilien
95%
348 Indien
91%
123 China
86%
37,0 Kolumbien
84%
56,4 Mexiko
83%
29,9 Vereinigte Staaten
83%
27,2 Indonesien
80%
9,83 Peru
77%
22,0 Argentinien
75%
16,3 Vietnam
75%
18,9 Kuba
70%
87,5 Thailand
70%
10,4 Birma
66%
65,5 Pakistan
64%
8,66 Ecuador
61%
22,4 Philippinen
58%
34,4 Australien
56%
33,5 Guatemala
47%
15,1 Südafrika
41%
15,8 Ägypten
28%
Keine übereinstimmenden Quizze gefunden
Verteilung der Resultate
Anzahl Personen mit jedem Resultat
Perzentil nach korrekt beantworteten Fragen
Ihre Resultats-Entwicklung
Sie haben dieses Quiz noch nicht gespielt